[Event "Gran Canaria-ch Seniors 50"]
[Site "Gran Canaria"]
[Date "2020.02.14"]
[Round "4"]
[White "Aguilera Suarez, Antonio"]
[Black "Gaggero, Flavio"]
[Result "0-1"]
[WhiteElo "1785"]
[BlackElo "1586"]
[PlyCount "90"]
[EventDate "2020.02.04"]
[EventType "swiss"]
[EventRounds "7"]
[EventCountry "ESP"]
[SourceTitle "CBM 195 Extra"]
[Source "ChessBase"]
[SourceDate "2020.05.31"]
[SourceVersion "1"]
[SourceVersionDate "2020.05.31"]
[SourceQuality "1"]

1. e4 d6 2. d4 Nf6 3. Bd3 g6 4. c4 Bg7 5. Nc3 Nbd7 6. f4 e5 7. fxe5 dxe5 8. d5 b6 9. Nf3 0-0 10. 0-0 Re8 11. Kh1 a6 12. Bg5 h6 13. Be3 Ng4 14. Bg1 Qe7 15. a3 Nc5 16. Bc2 h5 17. Qe1 Nb7 18. Rd1 Na5 19. Qe2 Bh6 20. b4 Nb7 21. h3 Kg7 22. hxg4 hxg4 23. Nxe5 Qh4+ 24. Bh2 Rxe5 25. Qf2 Qxf2 26. Rxf2 Rh5 27. g3 Bd7 28. Rdf1 Rf8 29. Kg2 Nd6 30. c5 Nc4 31. Nd1 bxc5 32. bxc5 Be3 33. Re2 Bxc5 34. a4 Ne5 35. Bg1 Rfh8 36. Ne3 Nf3 37. Rxf3 gxf3+ 38. Kxf3 Rh1 39. Bf2 Ra1 40. Be1 f6 41. Nc4 Ra2 42. e5 fxe5 43. Nxe5 Ra3+ 44. Nd3 Bf5 45. Rd2 Bb4 0-1

[Event "Gran Canaria-ch Seniors 50"]
[Site "Gran Canaria"]
[Date "2020.02.07"]
[Round "2"]
[White "Aguilera Suarez, Antonio"]
[Black "Suarez Pazos, Alberto"]
[Result "0-1"]
[WhiteElo "1785"]
[BlackElo "1628"]
[PlyCount "64"]
[EventDate "2020.02.04"]
[EventType "swiss"]
[EventRounds "7"]
[EventCountry "ESP"]
[SourceTitle "CBM 195 Extra"]
[Source "ChessBase"]
[SourceDate "2020.05.31"]
[SourceVersion "1"]
[SourceVersionDate "2020.05.31"]
[SourceQuality "1"]

1. e4 d6 2. f4 Nf6 3. Nc3 e5 4. d3 Bg4 5. Be2 Bxe2 6. Qxe2 Be7 7. Nf3 Nc6 8. a3 Qd7 9. Nd5 h6 10. c4 exf4 11. Bxf4 g5 12. Be3 Ng4 13. Bd2 Nge5 14. Bc3 f6 15. 0-0-0 0-0-0 16. Rhf1 Rdf8 17. h3 Rhg8 18. Nd4 Nxd4 19. Bxd4 Kb8 20. Rf5 c6 21. Nxe7 Qxe7 22. Rdf1 c5 23. Bc3 Qg7 24. Kc2 Rf7 25. Qf2 Rgf8 26. Bxe5 dxe5 27. Qxc5 Rd8 28. Rxf6 Rxf6 29. Qxe5+ Rdd6 30. c5 Rf2+ 31. Rxf2 Qxe5 32. cxd6 Qc5+ 0-1

[Event "Gran Canaria Santana Memorial 7th"]
[Site "Gran Canaria"]
[Date "2019.11.21"]
[Round "6"]
[White "Dominguez Santos, Angel Manuel"]
[Black "Aguilera Suarez, Antonio"]
[Result "0-1"]
[WhiteElo "1684"]
[BlackElo "1759"]
[PlyCount "70"]
[EventDate "2019.11.05"]
[EventType "swiss"]
[EventRounds "7"]
[EventCountry "ESP"]
[SourceTitle "CBM 193 Extra"]
[Source "ChessBase"]
[SourceDate "2020.01.31"]
[SourceVersion "1"]
[SourceVersionDate "2020.01.31"]
[SourceQuality "1"]

1. e4 e5 2. Bc4 Nc6 3. Nc3 Nf6 4. Nf3 Bc5 5. a3 d6 6. h3 a6 7. d3 h6 8. Be3 Nd4 9. b4 Ba7 10. Nxd4 exd4 11. Qe2 dxc3 12. 0-0 0-0 13. Bxa7 Rxa7 14. f4 d5 15. exd5 b5 16. Bb3 Nxd5 17. Qe5 c6 18. Rae1 Re7 19. Qd4 Rfe8 20. Rxe7 Rxe7 21. f5 Qb6 22. Rf4 Qxd4+ 23. Rxd4 Bxf5 24. Bxd5 cxd5 25. Rxd5 Be6 26. Rc5 Re8 27. Rc6 Rc8 28. Rxc8+ Bxc8 29. Kf2 Kf8 30. Ke3 Ke7 31. Kd4 Kd6 32. Kxc3 g5 33. Kd4 f5 34. c4 bxc4 35. dxc4 f4 0-1

[Event "Gran Canaria Santana Memorial 7th"]
[Site "Gran Canaria"]
[Date "2019.11.12"]
[Round "3"]
[White "Aguilera Suarez, Antonio"]
[Black "Martinez Molina, Jose Juan"]
[Result "1/2-1/2"]
[WhiteElo "1759"]
[BlackElo "1658"]
[PlyCount "125"]
[EventDate "2019.11.05"]
[EventType "swiss"]
[EventRounds "7"]
[EventCountry "ESP"]
[SourceTitle "CBM 193 Extra"]
[Source "ChessBase"]
[SourceDate "2020.01.31"]
[SourceVersion "1"]
[SourceVersionDate "2020.01.31"]
[SourceQuality "1"]

1. e4 e5 2. Nf3 Nc6 3. d4 exd4 4. Bc4 h6 5. 0-0 d6 6. Nxd4 Nxd4 7. Qxd4 c6 8. a4 Be6 9. Be2 Nf6 10. Nc3 Be7 11. Bf4 0-0 12. Rfd1 Ne8 13. a5 Qc8 14. Bg3 Bg4 15. f3 Be6 16. Bf1 d5 17. exd5 cxd5 18. Kh1 Nf6 19. Nb5 Qc5 20. Qxc5 Bxc5 21. a6 bxa6 22. Nc7 Rad8 23. Nxe6 fxe6 24. Bxa6 Rfe8 25. Bc7 Rd7 26. Be5 Ree7 27. b3 Ne8 28. Bd3 Kf7 29. g4 Nd6 30. Kg2 Nc8 31. h4 Bd6 32. Bxd6 Nxd6 33. h5 Kf6 34. Ra6 Nc8 35. Rda1 Rd6 36. Kg3 Rxa6 37. Rxa6 Ke5 38. f4+ Kd4 39. Ra4+ Kc3 40. Ra5 Nb6 41. Rc5+ Kd4 42. Rc6 Ke3 43. g5 hxg5 44. fxg5 e5 45. h6 gxh6 46. gxh6 e4 47. Bb5 d4 48. Rg6 Rh7 49. Kg4 d3 50. cxd3 exd3 51. Re6+ Kd4 52. Kg5 Nd5 53. Rd6 Kc5 54. Rxd5+ Kxd5 55. Bxd3 Rh8 56. Kg6 Kc5 57. Kg7 Rb8 58. h7 Rb7+ 59. Kf6 Rb6+ 60. Kg7 Rb7+ 61. Kh6 Rb8 62. Bc4 Rh8 63. Kg7 1/2-1/2

[Event "Gran Canaria op Seniors"]
[Site "Gran Canaria"]
[Date "2019.02.26"]
[Round "6"]
[White "Rodriguez Melian, Jose Luis"]
[Black "Aguilera Suarez, Antonio"]
[Result "1-0"]
[WhiteElo "2084"]
[BlackElo "1739"]
[PlyCount "49"]
[EventDate "2019.02.07"]
[EventType "swiss"]
[EventRounds "7"]
[EventCountry "ESP"]
[SourceTitle "CBM 189 Extra"]
[Source "ChessBase"]
[SourceDate "2019.05.31"]
[SourceVersion "1"]
[SourceVersionDate "2019.05.31"]
[SourceQuality "1"]

1. d4 d5 2. Nf3 Nf6 3. g3 e6 4. Bg2 Be7 5. 0-0 0-0 6. c4 c6 7. Qc2 Nbd7 8. Nbd2 Nb6 9. b3 h6 10. Rd1 Nh7 11. e4 Ng5 12. Nxg5 Bxg5 13. Ba3 Be7 14. Bxe7 Qxe7 15. a4 dxe4 16. Nxe4 e5 17. a5 Nd7 18. d5 cxd5 19. cxd5 Nf6 20. d6 Qd8 21. Nxf6+ gxf6 22. d7 Bxd7 23. Qd2 Bg4 24. Qxh6 Bxd1 25. Be4 1-0

[Event "Gran Canaria op Seniors"]
[Site "Gran Canaria"]
[Date "2019.02.12"]
[Round "2"]
[White "Dominguez Gutierrez, Juan C"]
[Black "Aguilera Suarez, Antonio"]
[Result "0-1"]
[WhiteElo "1559"]
[BlackElo "1739"]
[PlyCount "54"]
[EventDate "2019.02.07"]
[EventType "swiss"]
[EventRounds "7"]
[EventCountry "ESP"]
[SourceTitle "CBM 189 Extra"]
[Source "ChessBase"]
[SourceDate "2019.05.31"]
[SourceVersion "1"]
[SourceVersionDate "2019.05.31"]
[SourceQuality "1"]

1. e4 e5 2. Nf3 Nc6 3. Bb5 a6 4. Bxc6 dxc6 5. 0-0 Bg4 6. d4 exd4 7. Qxd4 Qxd4 8. Nxd4 0-0-0 9. Nb3 Bd1 10. c3 Bxb3 11. axb3 Bc5 12. Bf4 h6 13. h3 Nf6 14. e5 Ne4 15. Ra4 Nxf2 16. Kh2 Rhf8 17. Bg3 Nd1 18. Ra2 Ne3 19. Re1 Nf5 20. Bf4 f6 21. e6 Rfe8 22. Ra4 g5 23. Bc1 Bd6+ 24. Kg1 Be5 25. Nd2 Rxe6 26. Nf3 Rde8 27. Rae4 Bh2+ 0-1

[Event "Gran Canaria Santana Memorial 6th"]
[Site "Gran Canaria"]
[Date "2018.12.03"]
[Round "6.9"]
[White "Aguilera Suarez, Antonio"]
[Black "Almeida Cubas, Mirella"]
[Result "1-0"]
[WhiteElo "1732"]
[BlackElo "1465"]
[PlyCount "109"]
[EventDate "2018.11.16"]
[EventType "swiss"]
[EventRounds "7"]
[EventCountry "ESP"]
[SourceTitle "EXT 2024"]
[Source "ChessBase"]
[SourceDate "2023.10.10"]
[SourceVersion "1"]
[SourceVersionDate "2023.10.10"]
[SourceQuality "1"]

1. d4 Nf6 2. c4 c5 3. d5 d6 4. Nf3 g6 5. Nc3 Bg7 6. e4 0-0 7. Bd3 e6 8. 0-0 exd5 9. cxd5 Nbd7 10. Bf4 Qb6 11. Qb3 Rd8 12. Na4 Qxb3 13. axb3 Ne8 14. h3 a6 15. Rfc1 b5 16. Nc3 Bb7 17. Rab1 Nb6 18. Rd1 Nc7 19. g4 b4 20. Na4 Nxa4 21. bxa4 a5 22. Nd2 Ba6 23. Bxa6 Rxa6 24. Nc4 Ne8 25. b3 Bc3 26. Kg2 Nf6 27. f3 Kf8 28. Rd3 h5 29. Bg5 Kg7 30. Rbd1 hxg4 31. hxg4 Rh8 32. Rh1 Rxh1 33. Kxh1 Nd7 34. Bf4 Ne5 35. Bxe5+ Bxe5 36. Kg2 Kf6 37. Rd1 Ra7 38. Rf1 g5 39. Rh1 Kg7 40. Kf1 f6 41. Ke2 Bf4 42. Kd3 Be5 43. Ne3 Ra8 44. Nf5+ Kg6 45. Kc4 Rb8 46. Rh6+ Kf7 47. Rh7+ Ke8 48. Rh8+ Kd7 49. Rxb8 Kc7 50. Rb5 Kc8 51. Rxa5 Kb7 52. Ne7 Kb6 53. Nc6 Bf4 54. Ra7 f5 55. a5# 1-0

[Event "Canarias-chT"]
[Site "Vecindario"]
[Date "2018.06.01"]
[Round "3.2"]
[White "Perez Bolanos, Joel"]
[Black "Aguilera Suarez, Antonio"]
[Result "1-0"]
[WhiteElo "1630"]
[BlackElo "1747"]
[PlyCount "85"]
[EventDate "2018.05.31"]
[EventType "team-swiss"]
[EventRounds "6"]
[EventCountry "ESP"]
[SourceTitle "EXT 2019"]
[Source "ChessBase"]
[SourceDate "2018.10.10"]
[SourceVersion "1"]
[SourceVersionDate "2018.10.10"]
[SourceQuality "1"]
[WhiteTeam "Sociedad La Montana II"]
[BlackTeam "Telde Los Llanos"]
[WhiteTeamCountry "ESP"]
[BlackTeamCountry "ESP"]

1. e4 e5 2. Nf3 Nc6 3. Nc3 d6 4. Bb5 Nge7 5. d4 a6 6. Ba4 b5 7. Bb3 Nxd4 8. Nxd4 exd4 9. Qxd4 c5 10. Qd3 c4 11. Bxc4 bxc4 12. Qxc4 Be6 13. Qd3 Qc7 14. 0-0 Bc4 15. Qf3 Bxf1 16. Kxf1 Rc8 17. Be3 Ng6 18. Qg3 Be7 19. f4 0-0 20. Kg1 Rfe8 21. h3 Qb7 22. Nd5 Rxc2 23. f5 Rxb2 24. fxg6 Rb1+ 25. Rxb1 Qxb1+ 26. Kh2 hxg6 27. Nxe7+ Rxe7 28. Qxd6 Qxe4 29. Bf4 Qe6 30. Qd3 Qe4 31. Qd2 a5 32. Bg3 a4 33. Qd8+ Re8 34. Qd7 a3 35. Bd6 Qe6 36. Qxe6 Rxe6 37. Bxa3 Re2 38. h4 Rxa2 39. Bd6 f6 40. Kh3 Kf7 41. g3 Rd2 42. Bf4 Ke6 43. Bxd2 1-0

[Event "Las Palmas Insular-chT Segunda 1718"]
[Site "Las Palmas"]
[Date "2018.02.03"]
[Round "7.2"]
[White "Almeida Cubas, Mirella"]
[Black "Aguilera Suarez, Antonio"]
[Result "0-1"]
[WhiteElo "1251"]
[BlackElo "1741"]
[PlyCount "76"]
[EventDate "2017.10.28"]
[EventType "team-swiss"]
[EventRounds "9"]
[EventCountry "ESP"]
[SourceTitle "EXT 2021"]
[Source "ChessBase"]
[SourceDate "2020.10.23"]
[SourceVersion "1"]
[SourceVersionDate "2020.10.23"]
[SourceQuality "1"]
[WhiteTeam "Fundacion La Caja de Canarias V"]
[BlackTeam "Telde Los Llanos II"]
[WhiteTeamCountry "ESP"]
[BlackTeamCountry "ESP"]

1. c4 e6 2. Nf3 Nf6 3. g3 b6 4. Bg2 Bb7 5. 0-0 Be7 6. d4 0-0 7. Nc3 d5 8. b3 Nbd7 9. e3 c5 10. cxd5 Nxd5 11. Bb2 Nxc3 12. Bxc3 Rc8 13. Rc1 Bf6 14. dxc5 Bxc3 15. Rxc3 Nxc5 16. Qb1 Bxf3 17. Bxf3 Qf6 18. Rxc5 Rxc5 19. Bg2 g6 20. Rd1 Rd8 21. Rxd8+ Qxd8 22. h4 Qd2 23. Be4 Rc1+ 24. Qxc1 Qxc1+ 25. Kg2 Qb2 26. Bd3 Qxa2 27. Bc4 a5 28. Kg1 a4 29. Kg2 axb3 30. Bd3 b2 31. Bc2 b5 32. Bd3 Qd5+ 33. Kg1 Qxd3 34. Kg2 b1R 35. Kh3 h5 36. g4 Qf1+ 37. Kg3 Qg1+ 38. Kf3 Qxg4# 0-1

[Event "Las Palmas Insular-chT Segunda 1718"]
[Site "Las Palmas"]
[Date "2018.01.13"]
[Round "5.1"]
[White "Aguilera Suarez, Antonio"]
[Black "Moreno Cameno, Juan Carlos"]
[Result "1-0"]
[WhiteElo "1744"]
[BlackElo "1607"]
[PlyCount "137"]
[EventDate "2017.10.28"]
[EventType "team-swiss"]
[EventRounds "9"]
[EventCountry "ESP"]
[SourceTitle "EXT 2019"]
[Source "ChessBase"]
[SourceDate "2018.10.10"]
[SourceVersion "1"]
[SourceVersionDate "2018.10.10"]
[SourceQuality "1"]
[WhiteTeam "Telde Los Llanos II"]
[BlackTeam "San Mateo Servitel"]
[WhiteTeamCountry "ESP"]
[BlackTeamCountry "ESP"]

1. e4 e6 2. d4 d5 3. exd5 exd5 4. Nf3 Bd6 5. Bg5 Ne7 6. Bd3 0-0 7. h3 c6 8. 0-0 h6 9. Bh4 Qc7 10. Bxe7 Bxe7 11. Re1 Be6 12. Nbd2 Bd6 13. Ne5 Nd7 14. Ndf3 Rfe8 15. c3 c5 16. Rc1 c4 17. Bb1 Nf6 18. Qc2 b5 19. Nd2 Qc8 20. Re3 Qb7 21. Rce1 a5 22. Rf3 Bxe5 23. dxe5 Ne4 24. Nxe4 dxe4 25. Qxe4 Qxe4 26. Bxe4 Rab8 27. a3 Red8 28. Rfe3 Rd2 29. R3e2 Rbd8 30. Bc6 Rxe2 31. Rxe2 Rb8 32. Rd2 Kf8 33. g4 g5 34. Kg2 Ke7 35. Kg3 b4 36. axb4 axb4 37. f4 bxc3 38. bxc3 Rb3 39. Rc2 gxf4+ 40. Kxf4 Rb1 41. Re2 Rc1 42. Re3 Rf1+ 43. Ke4 Rd1 44. Rf3 Rd2 45. Re3 Rd1 46. Kf4 Rd2 47. h4 Rd1 48. g5 hxg5+ 49. hxg5 Rg1 50. Rg3 Rf1+ 51. Ke4 Bf5+ 52. Kd4 Bd3 53. Bd5 Rf4+ 54. Kc5 Rf5 55. g6 fxg6 56. Rxg6 Rxe5 57. Rg7+ Kf8 58. Rg8+ Ke7 59. Kd4 Rh5 60. Rg4 Kd6 61. Bxc4 Bxc4 62. Kxc4 Rc5+ 63. Kb4 Rc8 64. Rd4+ Kc6 65. Rc4+ Kb7 66. Rxc8 Kxc8 67. Kc5 Kc7 68. c4 Kc8 69. Kc6 1-0

[Event "Las Palmas Insular-chT Segunda 1718"]
[Site "Las Palmas"]
[Date "2017.12.16"]
[Round "4.1"]
[White "Andonegui Echeburua, Jose Luis"]
[Black "Aguilera Suarez, Antonio"]
[Result "1-0"]
[WhiteElo "1595"]
[BlackElo "1744"]
[PlyCount "107"]
[EventDate "2017.10.28"]
[EventType "team-swiss"]
[EventRounds "9"]
[EventCountry "ESP"]
[SourceTitle "EXT 2019"]
[Source "ChessBase"]
[SourceDate "2018.10.10"]
[SourceVersion "1"]
[SourceVersionDate "2018.10.10"]
[SourceQuality "1"]
[WhiteTeam "Hotel Avda de Canarias IV"]
[BlackTeam "Telde Los Llanos II"]
[WhiteTeamCountry "ESP"]
[BlackTeamCountry "ESP"]

1. b3 e5 2. Bb2 Nc6 3. e3 d5 4. Bb5 Bd6 5. f4 Qe7 6. Nf3 f6 7. fxe5 fxe5 8. Nxe5 Qh4+ 9. g3 Qe4 10. Nf3 Nf6 11. Bxf6 gxf6 12. Nc3 Qg6 13. Rg1 a6 14. Bd3 Qf7 15. a3 Bg4 16. Be2 0-0-0 17. Nh4 Be6 18. d4 h5 19. Qd3 Ne7 20. b4 c6 21. Na4 Kc7 22. Nc5 Bc8 23. a4 Rde8 24. b5 Bxc5 25. dxc5 Qe6 26. bxa6 Qe5 27. Rb1 bxa6 28. Qb3 Kd8 29. Rf1 f5 30. Kd2 d4 31. exd4 Qxd4+ 32. Qd3 Qxd3+ 33. cxd3 Ref8 34. d4 Rh6 35. Bc4 Rhf6 36. Ke3 Kc7 37. a5 Be6 38. Bxa6 Nd5+ 39. Kd2 Ra8 40. Rb7+ Kd8 41. Bc4 Rxa5 42. Bxd5 Bxd5 43. Rxf5 Ra2+ 44. Ke3 Re6+ 45. Kf4 Rf2+ 46. Kg5 Ree2 47. Rxf2 Rxf2 48. Kxh5 Rxh2 49. Kg4 Rd2 50. Nf5 Be6 51. Rb4 Bxf5+ 52. Kxf5 Ke7 53. Rb7+ Kf8 54. Ke6 1-0

[Event "ESP-ch 82nd"]
[Site "Las Palmas"]
[Date "2017.09.29"]
[Round "1"]
[White "Aguilera Suarez, Antonio"]
[Black "Ladron de Guevara Pinto, Paolo"]
[Result "0-1"]
[WhiteElo "1770"]
[BlackElo "2410"]
[PlyCount "58"]
[EventDate "2017.09.29"]
[EventType "swiss"]
[EventRounds "9"]
[EventCountry "ESP"]
[SourceTitle "CBM 181 Extra"]
[Source "ChessBase"]
[SourceDate "2017.12.12"]
[SourceVersion "1"]
[SourceVersionDate "2017.12.12"]
[SourceQuality "1"]

1. e4 e5 2. Nf3 Nc6 3. d4 exd4 4. Nxd4 Nf6 5. Nxc6 bxc6 6. e5 Qe7 7. Qe2 Nd5 8. c4 Nb6 9. b3 Qe6 10. g3 a5 11. Bb2 a4 12. Bg2 Bb4+ 13. Nd2 0-0 14. 0-0 d5 15. Nf3 a3 16. Bd4 Ba6 17. Bxb6 cxb6 18. Rfc1 dxc4 19. bxc4 Rad8 20. Qe4 Qg6 21. Qxg6 hxg6 22. Nh4 Rd2 23. Bxc6 Bc5 24. Bd5 Rxf2 25. Kh1 Rd8 26. Rd1 Kf8 27. Rf1 Rxf1+ 28. Rxf1 Rxd5 29. Nxg6+ Ke8 0-1

[Event "Las Palmas Cabildo op"]
[Site "Las Palmas"]
[Date "2017.03.24"]
[Round "5"]
[White "Aguilera Suarez, Antonio"]
[Black "Sanchez Montesdeoca, Isaac"]
[Result "1-0"]
[WhiteElo "1784"]
[BlackElo "1732"]
[PlyCount "93"]
[EventDate "2017.03.10"]
[EventType "swiss"]
[EventRounds "7"]
[EventCountry "ESP"]
[SourceTitle "EXT 2018"]
[Source "ChessBase"]
[SourceDate "2017.10.13"]
[SourceVersion "1"]
[SourceVersionDate "2017.10.13"]
[SourceQuality "1"]

1. e4 b6 2. d4 e6 3. Nf3 h6 4. Bd3 Bb7 5. Qe2 d6 6. c4 Nd7 7. Nc3 Ne7 8. h3 g6 9. Bf4 Bg7 10. 0-0 a6 11. Rfe1 g5 12. Bh2 g4 13. hxg4 Nf6 14. Nd2 Rg8 15. e5 dxe5 16. d5 exd5 17. cxd5 Kf8 18. f3 Nd7 19. Be4 Nc8 20. b4 Nd6 21. Rac1 Qh4 22. Qf2 Qxf2+ 23. Kxf2 Bf6 24. Ne2 Bg5 25. Red1 Nxe4+ 26. fxe4 Bd8 27. Kf3 Nf6 28. Bxe5 Nxg4 29. Bxc7 Bf6 30. Nc4 Re8 31. Nxb6 Rg6 32. Nd7+ Kg7 33. Ng3 Nh2+ 34. Ke2 Kh8 35. Nxf6 Rxf6 36. Ke3 Bc8 37. Kd4 Rf2 38. a4 Bd7 39. b5 Rxg2 40. b6 Bxa4 41. Rd3 Bc2 42. Rc3 Rd2+ 43. Ke3 Rxd5 44. R1xc2 Ng4+ 45. Kf4 Rg5 46. Rc5 f5 47. Rxf5 1-0

[Event "Las Palmas Cabildo op"]
[Site "Las Palmas"]
[Date "2017.03.21"]
[Round "4"]
[White "Roca Marrero, Jose Miguel"]
[Black "Aguilera Suarez, Antonio"]
[Result "0-1"]
[WhiteElo "1555"]
[BlackElo "1784"]
[PlyCount "35"]
[EventDate "2017.03.10"]
[EventType "swiss"]
[EventRounds "7"]
[EventCountry "ESP"]
[SourceTitle "EXT 2018"]
[Source "ChessBase"]
[SourceDate "2017.10.13"]
[SourceVersion "1"]
[SourceVersionDate "2017.10.13"]
[SourceQuality "1"]

1. e4 e5 2. Nf3 Nc6 3. d4 exd4 4. Bc4 Nf6 5. e5 d5 6. exd6 Bxd6 7. 0-0 0-0 8. Bg5 Bg4 9. Nbd2 h6 10. Bh4 Ne5 11. Be2 Ng6 12. Bxf6 Qxf6 13. Ne4 Qf4 14. Nxd6 Bxf3 15. Nxb7 Bxb7 16. Bc4 Ne5 17. Bb3 Ng4 18. g3 0-1

[Event "Gran Canaria Santana Memorial 5th"]
[Site "Gran Canaria"]
[Date "2017.02.14"]
[Round "4"]
[White "Sanchez Montesdeoca, Isaac"]
[Black "Aguilera Suarez, Antonio"]
[Result "1-0"]
[WhiteElo "1757"]
[BlackElo "1829"]
[PlyCount "73"]
[EventDate "2017.02.03"]
[EventType "swiss"]
[EventRounds "7"]
[EventCountry "ESP"]
[SourceTitle "CBM 177 Extra"]
[Source "ChessBase"]
[SourceDate "2017.04.27"]
[SourceVersion "1"]
[SourceVersionDate "2017.04.27"]
[SourceQuality "1"]

1. e4 e5 2. Nf3 Nc6 3. d4 exd4 4. Nxd4 Nf6 5. Nxc6 bxc6 6. e5 Qe7 7. Qe2 Nd5 8. c4 Ba6 9. b3 g5 10. g3 Bg7 11. Bb2 0-0 12. Bg2 Rae8 13. 0-0 d6 14. Re1 Qd7 15. Qd2 Nb6 16. Qxg5 f6 17. Qh5 d5 18. Nd2 fxe5 19. Rad1 Qf5 20. Qe2 Rf7 21. Nf3 e4 22. Nd4 Bxd4 23. Bxd4 Nc8 24. Ba1 Ref8 25. Kh1 h5 26. Qb2 Rh7 27. Qa3 Bb7 28. Qb4 Ba8 29. h4 Nd6 30. c5 Nf7 31. Qd4 Nh6 32. Re2 Bb7 33. Rxe4 Qxf2 34. Qe5 Nf7 35. Qe6 Rh6 36. Rg4+ hxg4 37. Qxg4+ 1-0

[Event "Montana de Galdar op 1st"]
[Site "Galdar"]
[Date "2016.12.10"]
[Round "8.1"]
[White "Aguilera Suarez, Antonio"]
[Black "Kurajica, Bojan"]
[Result "0-1"]
[WhiteElo "1798"]
[BlackElo "2518"]
[PlyCount "50"]
[EventDate "2016.12.05"]
[EventType "swiss"]
[EventRounds "9"]
[EventCountry "ESP"]
[SourceTitle "EXT 2024"]
[Source "ChessBase"]
[SourceDate "2023.10.10"]
[SourceVersion "1"]
[SourceVersionDate "2023.10.10"]
[SourceQuality "1"]

1. e4 c5 2. Nf3 Nc6 3. Nc3 e6 4. d4 cxd4 5. Nxd4 Qc7 6. Be2 a6 7. a3 Nf6 8. Be3 Be7 9. Qd2 b5 10. 0-0 Bb7 11. f3 0-0 12. Rfd1 Ne5 13. Na2 d5 14. exd5 Nxd5 15. Bf2 Rfd8 16. c3 Nc4 17. Bxc4 bxc4 18. Qc2 Bd6 19. h3 Nf4 20. Ne2 Nd3 21. Nb4 Nxf2 22. Kxf2 Bc5+ 23. Kf1 Qh2 24. Rxd8+ Rxd8 25. Rd1 Qh1+ 0-1

[Event "Montana de Galdar op 1st"]
[Site "Galdar"]
[Date "2016.12.06"]
[Round "3.3"]
[White "Cruz Pino, Adrian"]
[Black "Aguilera Suarez, Antonio"]
[Result "1-0"]
[WhiteElo "2103"]
[BlackElo "1798"]
[PlyCount "101"]
[EventDate "2016.12.05"]
[EventType "swiss"]
[EventRounds "9"]
[EventCountry "ESP"]
[SourceTitle "EXT 2024"]
[Source "ChessBase"]
[SourceDate "2023.10.10"]
[SourceVersion "1"]
[SourceVersionDate "2023.10.10"]
[SourceQuality "1"]

1. Nf3 Nf6 2. d3 d5 3. Nbd2 e6 4. g3 Be7 5. Bg2 b6 6. 0-0 Bb7 7. c3 Nbd7 8. Qc2 c5 9. e4 Qc7 10. Re1 0-0 11. e5 Ng4 12. Nf1 Ngxe5 13. Nxe5 Nxe5 14. Bf4 Bd6 15. Rad1 Ng6 16. Bc1 Rfe8 17. h4 Rad8 18. Qe2 e5 19. Ne3 d4 20. Nd5 Bxd5 21. Bxd5 Kh8 22. c4 f6 23. a3 Ne7 24. Bg2 Qd7 25. Bd2 a5 26. Bc1 Qf5 27. Kh2 Rf8 28. Bh3 Qg6 29. Rg1 Bc7 30. f4 Ng8 31. f5 Qf7 32. Qe4 Ne7 33. Kh1 Qe8 34. Bg2 Qd7 35. Rdf1 Nc8 36. g4 Nd6 37. Qe2 b5 38. b3 a4 39. cxb5 Qxb5 40. bxa4 Qxa4 41. g5 Rde8 42. g6 Qb3 43. Qh5 Qg8 44. Bc6 Rd8 45. Rg2 Nf7 46. gxf7 Qxf7 47. Qxf7 Rxf7 48. Bd2 Rb8 49. Bd5 Re7 50. Rc1 Bd6 51. a4 1-0

[Event "Las Palmas Insular-chT Primera-B 1617"]
[Site "Las Palmas"]
[Date "2016.11.19"]
[Round "5.2"]
[White "Mayor Gonzalez, Julio"]
[Black "Aguilera Suarez, Antonio"]
[Result "1-0"]
[WhiteElo "1959"]
[BlackElo "1814"]
[PlyCount "83"]
[EventDate "2016.10.22"]
[EventType "team-tourn"]
[EventRounds "14"]
[EventCountry "ESP"]
[SourceTitle "EXT 2018"]
[Source "ChessBase"]
[SourceDate "2017.10.13"]
[SourceVersion "1"]
[SourceVersionDate "2017.10.13"]
[SourceQuality "1"]
[WhiteTeam "Grandama II"]
[BlackTeam "Telde Los Llanos"]
[WhiteTeamCountry "ESP"]
[BlackTeamCountry "ESP"]

1. d4 d5 2. Nf3 Nf6 3. e3 Nbd7 4. Bd3 c6 5. Nbd2 Qc7 6. 0-0 e5 7. e4 Bd6 8. exd5 cxd5 9. dxe5 Nxe5 10. Nxe5 Bxe5 11. Bb5+ Kf8 12. h3 a6 13. Bd3 g6 14. Nf3 Bf4 15. Nd4 Bxc1 16. Qxc1 Kg7 17. Qd2 Bd7 18. Rfe1 Rhe8 19. c3 Nh5 20. Bf1 Qf4 21. Qxf4 Nxf4 22. Nf3 f6 23. Red1 Be6 24. a4 Rad8 25. a5 Bf7 26. Ra4 Ne6 27. Rb4 Re7 28. g3 Rdd7 29. Bg2 h6 30. h4 h5 31. Bh3 Rd6 32. Re1 Rc7 33. Bxe6 Rxe6 34. Rxe6 Bxe6 35. Nd4 Bc8 36. Rb6 Rc5 37. Rxb7+ Kh6 38. Rb8 Bd7 39. Nb3 Rc4 40. Rb6 Rc6 41. Nd4 Rxb6 42. axb6 1-0

[Event "Gran Canaria Cabildo op"]
[Site "Gran Canaria"]
[Date "2016.03.11"]
[Round "8"]
[White "Aguilera Suarez, Antonio"]
[Black "Ramirez Maillo, Cristian"]
[Result "1-0"]
[WhiteElo "1773"]
[BlackElo "1741"]
[PlyCount "83"]
[EventDate "2016.02.16"]
[EventType "swiss"]
[EventRounds "9"]
[EventCountry "ESP"]
[SourceTitle "CBM 171 Extra"]
[Source "ChessBase"]
[SourceDate "2016.04.26"]
[SourceVersion "1"]
[SourceVersionDate "2016.04.26"]
[SourceQuality "1"]

1. e4 c5 2. Nf3 Nc6 3. b3 Nf6 4. e5 Nd5 5. c4 Nc7 6. d4 cxd4 7. Bb2 Ne6 8. Bd3 g6 9. 0-0 Bg7 10. Re1 0-0 11. Na3 d6 12. exd6 Qxd6 13. Nb5 Qc5 14. Be4 Rd8 15. Bd5 a6 16. Bxe6 Bxe6 17. Nc7 Rac8 18. Nxe6 fxe6 19. Rxe6 Qf5 20. Re1 e5 21. Qd2 h6 22. a3 Rf8 23. Rad1 Rcd8 24. Qe2 Rfe8 25. Qe4 Qh5 26. Nd2 Rf8 27. f3 Ne7 28. Bc1 Rde8 29. Nf1 g5 30. Qxb7 Qg6 31. Qe4 Qb6 32. b4 Ng6 33. c5 Qe6 34. Rxd4 Nf4 35. Rd6 Qc8 36. Ng3 g4 37. Qc6 gxf3 38. Qxc8 f2+ 39. Kxf2 Rxc8 40. Kg1 h5 41. Ne2 Rf7 42. Nxf4 1-0